| 000 | 00567nam a2200205Ia 4500 | ||
|---|---|---|---|
| 003 | GCL | ||
| 008 | 140319s9999 xx 000 0 eng d | ||
| 040 |
_aGCL / _cGCL |
||
| 082 | 0 | 4 |
_aCC _b738.05 _bI B |
| 100 | 1 | _aIFAO | |
| 245 | 1 | 0 |
_aBULLETIN DE LIAISON DU GROUPE INTERNATIONAL D'ETUDE DE LA CERAMIQUE EGYPTIENNE / _cIFAO |
| 260 |
_aالقاهرة : _bIFAO ، _c1981 |
||
| 300 |
_a24 CM ؛ _c2 VOLS. |
||
| 650 | 0 | 4 | _aCERAMIC - HISTORY |
| 650 | 0 | 4 | _aANCIENT EGYPT |
| 650 | 0 | 4 | _aPOTTERY |
| 650 | 0 | 4 | _aCERAMIC ARTS |
| 650 | 0 | 4 | _aCERAMIC - EGYPT |
| 942 |
_2ddc _cBK |
||
| 999 |
_c20069 _d20069 |
||